LEADER 00854nam a2200205 i 4500 001 000000192603 003 CaOOAMICUS 005 20100924000000.0 008 100924s1910 it u000 u ita u 013 $a171199 040 $aSeMil$bita 100 1 $aGirelli, Elisabetta <1839-1919>.$0(OLS)http://semarc/name/37129 245 10$aFiori Verginali :$bofferti sulla tomba di Sant'Angela Merici /$cE. Girelli. 260 $aBrescia :$bQueriniana,$c1910. 300 $a478 p. ;$c20 cm. 600 14$aMerici, Angela .$0(OLS)http://semarc/subject/887 850 $aSeMil 852 $aSeMil$W1$xVenegono$y1$m3J I 143$j143178$B143178$CSeMilBibl$Z2$F154548 $81 996 $6245$aFiori Verginali :$bofferti sulla tomba di Sant'Angela Merici$9(OLS)http://semarc/title/277624 996 $6260$aBrescia :$bQueriniana$9(OLS)http://semarc/publisher/29615 LEADER 01118nam a2200229 i 4500 001 000000194139 003 CaOOAMICUS 005 20101105000000.0 008 101105s1922 it u000 u ita u 013 $a172786 040 $aSeMil$bita 245 10$aVita di S. Filippo Neri Apostolo di Roma /$c30. Tavole in rame disegnate da Pietro Antonio Novelli, Incise da Innocente Alessandri ; Con commenti di Egilberto Martire. 260 $aRoma :$bFrancesco Ferrari,$c1922. 300 $a126 p. :$bill. ;$c21 cm. 600 04$aNeri, Filippo .$0(OLS)http://semarc/subject/1201 700 1 $aNovelli, Pietro Antonio .$0(OLS)http://semarc/name/11397 700 1 $aMartire, Egilberto <1887-1952>.$0(OLS)http://semarc/name/23571 700 1 $aAlessandri, Innocente .$0(OLS)http://semarc/name/24152 850 $aSeMil 852 $aSeMil$W1$xVenegono$y1$m3J IV 100$j144713$B144713$CSeMilBibl$Z2$F156058 $81 996 $6245$aVita di S. Filippo Neri Apostolo di Roma$9(OLS)http://semarc/title/279910 996 $6260$aRoma :$bFrancesco Ferrari$9(OLS)http://semarc/publisher/37653